000 00299nam a22001337a 4500
008 181016b xxu||||| |||| 00| 0 eng d
020 _a9780137133147
041 _aeng
080 _22nd
_a820
100 _a21
101 _aGJL
245 _aPrentice Hall Literature
_cBabusci,R
942 _2udc
_cBK
999 _c49878
_d49878